|
|
|
|
| LEADER |
00661cam a2200181 7i4500 |
| 001 |
0000043455 |
| 005 |
20170530090000.0 |
| 020 |
|
|
|a 9780415684316 (hbk. ; vol. 1)
|
| 090 |
0 |
0 |
|a LB15
|b .I266 2012
|
| 245 |
0 |
0 |
|a International higher education :
|b an encyclopedia
|c edited by Philip G. Altbach.
|
| 260 |
|
|
|a London:
|b Routledge,
|c 2012.
|
| 300 |
|
|
|a 1 v.:
|b ill.;
|c 24 cm.
|
| 490 |
1 |
|
|a Routledge library edition : education;
|v v. 76
|
| 650 |
0 |
0 |
|a Education, Higher
|
| 700 |
1 |
|
|a Altbach, Philip G.
|
| 997 |
|
|
|a Centre for Graduate Studies
|
| 997 |
|
|
|a Education & Social Sciences, Faculty
|b Education, Department
|
| 999 |
|
|
|a 0000052193
|b BOK
|c REFERENCE
|e 2nd Floor, Shah Alam
|